000 00653nam a2200217 i 4500
001 94143
003 ES-MaACL
005 20250729062624.0
007 t|
008 050624s2005 sp ||||1| spa d
020 _a84-609-5148-0
080 _a32
100 1 _aEsteve Serrano, José Luis.
_948151
245 1 4 _aUna aproximación a la política /
_cJosé Luis Esteve Serrano ; prólogo de Antonio Jiménez Blanco.
260 _aMadrid :
_bEl Arcón,
_c2005.
300 _a166 p. ;
_c21 cm.
650 7 _aPolítica
_2embne
_9140345
700 1 _aJiménez Blanco, Antonio.
_966465
852 _aES-MaACL
_jG-825
_bR.136235
999 _c94143
_d94143